000 00327nam a22001457a 4500
020 _a978-93-5316-251-1
041 _aENG
100 _a Kalsi.H.S
245 _aElectronic Instrumentation And Measurements
250 _a4 Edition
260 _aChennai
_bMc Graw Hill
_c2019
300 _a705
650 _aEOES
856 _uEOES
999 _c64
_d64